000
00245nam a2200109Ia 4500
008
190914s9999||||xx |||||||||||||| ||und||
100
_a
Heinz Koontz
245
0
_a
Management
260
_a
India
_b
McGraw Hill
_c
1997
300
_a
744
942
_c
BK
999
_c
8507
_d
8507